• 首页
  • 本馆介绍
  • 公告通知
  • 最新文献
  • 馆藏检索
  • 电子资源
  • 读者导购
  • 参考咨询
  • 我的图书馆
  • 登录
  • 详细信息显示
  • 放入我的书架
  • 预约/预借图书
  • 作者相关作品
  • 分类相关作品
  • 丛书相关作品
  • 出版社相关作品

书目信息

  • 表格格式
  • 工作单格式
  • 卡片格式
题名:
风云海洋
    
 
作者: 李树军 编著
分册:  
出版信息: 北京   海潮出版社  2004.01
页数: 208页
开本: 20cm
丛书名: 海洋与军事系列
单 册:
中图分类: E993.1
科图分类:
主题词: 军事地形学 , 军事地理学
电子资源:
ISBN: 7-80151-790-3
000 00738nam0 2200241 450
001 0531009213
005 20090622091730.11
010    @a7-80151-790-3@dCNY14.00
100    @a20050119d2004 km y0chiy0120 ea
101 0  @achi
102    @aCN@b110000
200 1  @a风云海洋@Afeng yun hai yang@e变幻莫测的海洋水文与气象@f李树军编著@Fli shu jun bian zhu
210    @a北京@c海潮出版社@d2004.01
215    @a208页@d20cm
225 2  @a海洋与军事系列
410  0 @12001 @a海洋与军事系列
517 1  @a变幻莫测的海洋水文与气象@Abian huan mo ce de hai yang shui wen yu qi xiang
606 0  @a军事地形学
606 0  @a军事地理学
690    @aE993.1@v4
701  0 @a李树军@Ali shu jun@4编著
801  0 @aCN@bPFT@c20090622
905    @aBZT@dE993.1@e4
    
    风云海洋:变幻莫测的海洋水文与气象/李树军编著.-北京:海潮出版社,2004.01
    208页;20cm.-(海洋与军事系列)
    
    
    ISBN 7-80151-790-3:CNY14.00
    
●
相关链接 在五车中查询图书 在当当中查询图书 在豆瓣中查询图书


正题名:风云海洋     索取号:E993.1/4         预约/预借

序号 登录号 条形码 馆藏地/架位号 状态 备注
1 381540   210123105   中心书库北库/ 北库005架A面2列2层22/ [索取号:E993.1/4] 在馆    
2 381541   210123114   中心书库北库/ 北库005架A面2列2层27/ [索取号:E993.1/4] 在馆    
3 381542   210123123   中心书库北库/ 北库005架A面2列2层30/ [索取号:E993.1/4] 在馆    
4 381543   210123132   中心书库北库/ 北库005架A面2列2层20/ [索取号:E993.1/4] 在馆    
5 381544   210123141   中心书库北库/ 北库005架A面2列2层33/ [索取号:E993.1/4] 在馆    
6 381545   210123150   中心书库北库/ 北库005架A面2列2层21/ [索取号:E993.1/4] 在馆    
7 381546   210123169   中心书库北库/ 北库005架A面2列2层26/ [索取号:E993.1/4] 在馆    
8 381547   210123178   中心书库北库/ 北库005架A面2列2层23/ [索取号:E993.1/4] 在馆    
9 381548   210123187   中心书库北库/ 北库005架A面2列2层25/ [索取号:E993.1/4] 在馆    
10 381549   210123203   中心书库北库/ 北库005架A面2列2层31/ [索取号:E993.1/4] 在馆    
11 399666   210284075   中心书库北库/ 北库005架A面2列2层29/ [索取号:E993.1/4] 在馆    
12 399667   210284066   中心书库北库/ 北库005架A面2列2层35/ [索取号:E993.1/4] 在馆    
13 399668   210284057   中心书库北库/ 北库005架A面2列2层36/ [索取号:E993.1/4] 在馆    
14 399669   210284048   中心书库北库/ 北库005架A面2列2层37/ [索取号:E993.1/4] 在馆    
15 399670   210284039   中心书库北库/ 北库005架A面2列2层24/ [索取号:E993.1/4] 在馆    
16 399671   210284020   中心书库北库/ 北库005架A面2列2层34/ [索取号:E993.1/4] 在馆    
17 399672   210284011   中心书库北库/ 北库005架A面2列2层19/ [索取号:E993.1/4] 在馆    
18 399673   210284002   中心书库北库/ 北库005架A面2列2层28/ [索取号:E993.1/4] 在馆    
19 399674   210283995   思政阅览室/思1架B面4层4列/ [索取号:E993.1/4] 在馆    
20 399675   210283986   中心书库北库/ 北库005架A面2列2层32/ [索取号:E993.1/4] 在馆    
山东省滨州职业学院图书馆 欢迎您!
大连网信软件有限公司© 版权所有